000 00297nam a22001337a 4500
008 170808b xxu||||| |||| 00| 0 eng d
020 _a9780072283631
041 _aeng
080 _24TH
_a004
100 _a35
101 _aSHK
245 _aDATABASE SYSTEM CONCEPTS
_cSCHATZ,S
942 _2udc
_cBK
999 _c22897
_d22897